El Enfoque sistemático aplicado al conocimiento social /
محفوظ في:
| المؤلف الرئيسي: | |
|---|---|
| التنسيق: | نص |
| الوسوم: |
إضافة وسم
لا توجد وسوم, كن أول من يضع وسما على هذه التسجيلة!
|
MARC
| LEADER | 00000 a a2200000 04500 | ||
|---|---|---|---|
| 001 | 3146 | ||
| 003 | |||
| 040 | |||
| 100 | |a Afanásiev, V. | ||
| 245 | |a El Enfoque sistemático aplicado al conocimiento social / |c V. Afanásiev | ||
| 773 | |g número 1; páginas 31-47 | ||
| 999 | |c 26403 |d 26403 | ||
